01081nam a2200193Ia 4500001001100000003001000011008004100021040002500062041001300087100001800100245002200118250001100140260005500151300001200206500026200218501011400480520026200594650003100856L922-42313IT-CnALBA170116s9999||||xx |||||||||||||| ||und|| aIT-CnALBAcIT-CnALBA aITALIANO aDE MALLAC GUY 0aBORIS PAETERNAK.  a1a ed. a TORINO. ROMAbBORLA EDITORE c1965 [1° Ed.:1965] a167 p.  aTRADUZIONE. PREMESSA E PRESENTAZIONE. CENNI BIOGRAFICI. OPERE. IMPORTANZA DELL'ESISTENZA E DELLA VITA DELLA PERSONA. VITA E UNIVERSO DEL POETA. ORIGINE. AMBIENTE. GIOVENTÙ. RINUNCIA ALLA MUSICA. LA DONNA NELLA VITA DEL POETA. CARRIERA LETTERARIA. IL CASO  aSocietà San Paolo EM - Piazza San Paolo, 14 - 12051 ALBA (CN) (non commercial uses only) ® Copyright 2017 aTRADUZIONE. PREMESSA E PRESENTAZIONE. CENNI BIOGRAFICI. OPERE. IMPORTANZA DELL'ESISTENZA E DELLA VITA DELLA PERSONA. VITA E UNIVERSO DEL POETA. ORIGINE. AMBIENTE. GIOVENTÙ. RINUNCIA ALLA MUSICA. LA DONNA NELLA VITA DEL POETA. CARRIERA LETTERARIA. IL CASO  aBIOGRAFIE, UOMINI ILLUSTRI